000 01558nam1a2200301 i 4500
001 RU\NLR\b_ik\155681
005 20241225153715.0
035 _a(NLR Aleph) 002228663
090 _a3397319
_c3397319
100 _a20070201g20069999u y0rusy50 ca
101 0 _arus
102 _aRU
_aSE
105 _a||||z |||||
200 1 _aAnti-drug activities in the cities. Modern practice and ways to its improvement
_escientific & practical edition
_fN. Frolova, T. Hallberg
_gIntern. publ. organization ECAD "Europ. cities against drugs", Russ. state acad. of state servicies under the RF President
_zrus
210 _aMoscow
_aOrbita-M
_aStockholm
_c[s.n.]
_d2006
215 _d23
463 1 _1001RU\NLR\b_ik\151658
_1200##$aVol. 1
_0RU\NLR\b_ik\151658
_93346741
_cБ. м.
_d2006
_p142 с.
_tAnti-drug activities in the cities. Modern practice and ways to its improvement. - Vol. 1
_y5-85210-235-0
541 0 _aАнтинаркотическая деятельность в городах
_eсовременная практика и пути ее усовершенствования
_zrus
606 1 _aНаркотические средства
_xНезаконный оборот
_xБорьба с ним
_92218972
_3RU\NLR\AUTH\661332534
686 4 _aХ628.322.203.0
686 4 _aХ916.8
686 4 _aХ883.7
700 1 _aFrolova
_bN.
_gNatal'ja
_4070
701 1 _aHallberg
_bTh.
_gThomas
_4070
801 0 _aRU
_bNLR
_c20070201
_gRCR
852 _aNLR
_bИк
_j2006-5/2278
942 _cBOOK